La escuela pública renovada
Saved in:
| Hovedforfatter: | |
|---|---|
| Format: | Bog |
| Sprog: | spansk |
| Udgivet: |
Buenos Aires
Losada
1943
|
| Serier: | La Escuela Activa, 11
|
| Fag: | |
| Tags: |
Tilføj Tag
Ingen Tags, Vær først til at tagge denne postø!
|
MARC
| LEADER | 00000nam a2200000 a 4500 | ||
|---|---|---|---|
| 001 | UCU0957 | ||
| 003 | CL-VaPUC | ||
| 008 | 960329e19430000AG |||||||||||||||||spa|d | ||
| 082 | 0 | 4 | |a 372.104 |b BOV |2 21 |
| 100 | 0 | |a Bovesse, F. R |e author |9 356479 | |
| 245 | 1 | 3 | |a La escuela pública renovada |
| 300 | |a 190 p | ||
| 942 | |c BK | ||
| 945 | |d 19960329 00:00:00 |a lriquelm | ||
| 260 | |a Buenos Aires |b Losada |c 1943 | ||
| 650 | 0 | |a Educación pública |9 309676 | |
| 650 | 0 | |a Curriculos |9 343652 | |
| 650 | 0 | |a Educación lingüística |9 306506 | |
| 650 | 0 | |a Matemáticas |x Enseñanza |9 875527 | |
| 650 | 0 | |a Enseñanza de la historia |9 307330 | |
| 650 | 0 | |a Educación moral |9 308319 | |
| 650 | 0 | |a Educación musical |9 310072 | |
| 651 | 7 | |a BELGICA |2 CL-VaPUC |9 315122 | |
| 583 | |a last modification |c 20170829 01:19:25 |k Rodrigo Vera | ||
| 490 | 0 | |a La Escuela Activa, 11 | |
| 999 | |c 245732 |d 245730 | ||
| 952 | |0 0 |1 0 |4 0 |6 372_104000000000000_BOV_1943 |7 0 |8 P |9 260321 |a BIBEDU |b BIBEDU |c BIBEDU_PB |d 2019-11-19 |i 1635166 |o 372.104 BOV 1943 |p 1635166 |r 2024-01-25 |w 2019-11-19 |y BK |k EDU | ||